Escudos dos clubes do Campeonato Argentino 2025 - Statistics

Estatísticas Gerais
  • Esse quiz foi jogado 177 vezes
  • A pontuação média é 20 de 30
Estatísticas das Respostas
Imagem Resposta % Correto
Boca Juniors
99%
River Plate
99%
Racing
98%
San Lorenzo
97%
Estudiantes
94%
Vélez Sarsfield
94%
Lanús
92%
Independiente
89%
Rosario Central
89%
Huracán
88%
Talleres
86%
Defensa y Justicia
85%
Newell's Old Boys
83%
Argentinos Juniors
80%
Tigre
79%
Belgrano
66%
Banfield
62%
Godoy Cruz
62%
Atlético Tucumán
57%
Central Córdoba
48%
Gimnasia y Esgrima
43%
Platense
43%
Aldosivi
41%
Unión
33%
Sarmiento
30%
Instituto
29%
Barracas Central
28%
Deportivo Riestra
22%
San Martín
22%
Independiente Rivadavia
20%
Nenhum quiz correspondente encontrado
Distribuição das Pontuações
Porcentagem de Pessoas com Cada Pontuação
Percentil de Números Respondidos
Sua Pontuação Histórica
Você não jogou esse quiz